Bottom 10 NFL Teams With Lowest Attendance 2024-2025 - Statistics

General Stats
  • This quiz has been taken 53 times
  • The average score is 8 of 10
Answer Stats
Avg. Attendance Team % Correct
62,175 Raiders
87%
65,764 Jaguars
85%
62,649 Bears
83%
63,975 Cardinals
83%
65,643 Dolphins
83%
64,819 Titans
80%
63,428 Commanders
74%
64,922 Lions
74%
64,634 Patriots
72%
63,689 Buccaneers
57%
No matching quizzes found
Score Distribution
Percent of People with Each Score
Percentile by Number Answered
Your Score History
You have not taken this quiz